000 00943nam0a22002771 4500
001 rc\4582684
005 20260407073229.0
021 _aRU
_b68-ИК-269/11
021 _aRU
_bРг2194-68
035 _a(NLR Aleph) 008380202
090 _a9112671
_c9112671
100 _a20130416d1968 |||y0rusy50 ca
101 0 _arus
102 _aRU
105 _ay z |||||
200 1 _aРекомендация о связях между администрацией и трудящимися на предприятии
_fМеждунар. конференция труда
210 _aБ. м.
_cБ. и.
_d[1968]
215 _a4 с.
_d24
225 1 _aРекомендация
_v129
300 _aБез тит. л. и обл.
710 0 2 _aМеждународная конференция труда
_3RU\NLR\AUTH\883110
_9277383
801 0 _aRU
_bNLR
_gpsbo
801 1 _aRU
_bELAR
_2rusmarc
852 _aNLR
_j68-7/674
942 _cBOOK
980 _aNB